[Event "Netanya Open 2019"]
[Site "Netanya"]
[Date "2019.07.02"]
[Round "9.16"]
[White "Bar, Roman"]
[Black "Rozen, Eytan"]
[Result "1-0"]
[WhiteElo "2497"]
[BlackElo "2317"]
[Annotator "ChessBase"]
[PlyCount "103"]
[EventDate "2019.06.23"]
[EventType "swiss"]
[EventCountry "ISR"]
[SourceTitle "playchess.com"]
[Source "ChessBase"]
[SourceQuality "1"]
[TimeControl "40/5400+30:1800+30"]

1. c4 {[%emt 0:00:00]} e5 {[%emt 0:00:13]} 2. g3 {[%emt 0:00:00]} Nc6 {[%emt 0:00:45]} 3. Bg2 {[%emt 0:00:06]} g6 {[%emt 0:00:31]} 4. Nc3 {[%emt 0:01:17]} Bg7 {[%emt 0:00:07]} 5. d3 {[%emt 0:00:09]} Nge7 {[%emt 0:00:20]} 6. e3 {[%emt 0:02:09]} d6 {[%emt 0:01:02]} 7. Nge2 {[%emt 0:00:34]} O-O {[%emt 0:00:22]} 8. O-O {[%emt 0:00:08]} Be6 {[%emt 0:00:29]} 9. Nd5 {[%emt 0:01:27]} Rb8 {[%emt 0:01:26]} 10. Rb1 {[%emt 0:12:50]} b5 {[%emt 0:05:25]} 11. Bd2 {[%emt 0:00:43]} bxc4 {[%emt 0:01:19]} 12. dxc4 {[%emt 0:00:44]} Bf5 {[%emt 0:00:23]} 13. e4 {[%emt 0:01:36]} Bg4 {[%emt 0:02:30]} 14. f3 {[%emt 0:02:53]} Bd7 {[%emt 0:02:37]} 15. Bg5 {[%emt 0:10:05]} f6 {[%emt 0:08:27]} 16. Be3 {[%emt 0:00:18]} f5 {[%emt 0:00:57]} 17. Qd2 {[%emt 0:02:08]} Nxd5 {[%emt 0:16:05]} 18. cxd5 {[%emt 0:09:05]} Ne7 {[%emt 0:00:50]} 19. Rfd1 {[%emt 0:06:43]} Rb7 {[%emt 0:02:41]} 20. b3 {[%emt 0:05:14]} Qb8 {[%emt 0:06:51]} 21. Rbc1 {[%emt 0:03:04]} Qa8 {[%emt 0:07:18]} 22. Qa5 {[%emt 0:04:45]} Qb8 {[%emt 0:01:00]} 23. Rc2 {[%emt 0:04:27]} Bb5 {[%emt 0:08:43]} 24. Nc3 {[%emt 0:03:27]} c5 {[%emt 0:04:00]} 25. Nb1 {[%emt 0:07:26]} Bd7 {[%emt 0:08:31]} 26. Na3 {[%emt 0:03:08]} Nc8 {[%emt 0:02:18]} 27. Qd2 {[%emt 0:01:54]} a5 {[%emt 0:02:48]} 28. Nc4 {[%emt 0:03:03]} a4 {[%emt 0:01:28]} 29. Na5 {[%emt 0:00:25]} axb3 {[%emt 0:01:20]} 30. axb3 {[%emt 0:01:38]} Rb5 {[%emt 0:01:46]} 31. Bf1 {[%emt 0:01:29]} Rb6 {[%emt 0:02:03]} 32. Bg5 {[%emt 0:02:08]} Rb4 {[%emt 0:02:20]} 33. Bc4 {[%emt 0:01:53]} Nb6 {[%emt 0:06:19]} 34. Nc6 {[%emt 0:00:12]} Nxc4 {[%emt 0:00:56]} 35. bxc4 {[%emt 0:02:00]} Bxc6 {[%emt 0:00:10]} 36. dxc6 {[%emt 0:00:05]} fxe4 {[%emt 0:01:32]} 37. fxe4 {[%emt 0:00:27]} Rb1 {[%emt 0:01:55]} 38. Rxb1 {[%emt 0:07:38]} Qxb1+ {[%emt 0:00:01]} 39. Rc1 {[%emt 0:00:08]} Qxe4 {[%emt 0:01:10]} 40. Qd5+ {[%emt 0:01:10]} Qxd5 {[%emt 0:00:02]} 41. cxd5 {[%emt 0:30:07]} Rc8 {[%emt 0:04:14]} 42. Rb1 {[%emt 0:00:00]} h6 {[%emt 0:04:25]} 43. Be7 {[%emt 0:00:00]} Bf8 {[%emt 0:01:36]} 44. Rb7 {[%emt 0:00:00]} c4 {[%emt 0:05:35]} 45. Kf2 {[%emt 0:00:00]} c3 {[%emt 0:01:13]} 46. Ke2 {[%emt 0:00:00]} e4 {[%emt 0:02:28]} 47. Bxf8 {[%emt 0:00:00]} Kxf8 {[%emt 0:00:27]} 48. Rh7 {[%emt 0:00:00]} Kg8 {[%emt 0:00:55]} 49. Rd7 {[%emt 0:00:00]} Kf8 {[%emt 0:00:15]} 50. c7 {[%emt 0:00:00]} Ke8 {[%emt 0:00:51]} 51. Rh7 {[%emt 0:00:00]} h5 {[%emt 0:00:22]} 52. h4 {[%emt 0:00:00]} 1-0

[Event "Netanya Open 2019"]
[Site "Netanya"]
[Date "2019.07.02"]
[Round "9.17"]
[White "Tzidkiya, Yeshaayahu"]
[Black "Khmelniker, Ilya"]
[Result "0-1"]
[WhiteElo "2265"]
[BlackElo "2483"]
[Annotator "ChessBase"]
[PlyCount "100"]
[EventDate "2019.06.23"]
[EventType "swiss"]
[EventCountry "ISR"]
[SourceTitle "playchess.com"]
[Source "ChessBase"]
[SourceQuality "1"]
[TimeControl "40/5400+30:1800+30"]

1. e4 {[%emt 0:00:00]} e5 {[%emt 0:00:00]} 2. Nf3 {[%emt 0:00:00]} Nc6 {[%emt 0:00:00]} 3. Bc4 {[%emt 0:00:00]} Bc5 {[%emt 0:00:00]} 4. c3 {[%emt 0:00:00]} Nf6 {[%emt 0:00:00]} 5. d3 {[%emt 0:00:00]} d6 {[%emt 0:00:00]} 6. Bb3 {[%emt 0:00:02]} a6 {[%emt 0:00:08]} 7. Nbd2 {[%emt 0:00:11]} Ba7 {[%emt 0:00:16]} 8. h3 {[%emt 0:00:07]} h6 {[%emt 0:00:39]} 9. Nf1 {[%emt 0:00:10]} d5 {[%emt 0:03:03]} 10. Qe2 {[%emt 0:00:39]} Be6 {[%emt 0:13:59]} 11. exd5 {[%emt 0:16:46]} Nxd5 {[%emt 0:00:10]} 12. Nxe5 {[%emt 0:06:25]} Nxe5 {[%emt 0:25:44]} 13. Qxe5 {[%emt 0:00:12]} O-O {[%emt 0:00:04]} 14. Ng3 {[%emt 0:18:22]} Nb4 {[%emt 0:05:13]} 15. cxb4 {[%emt 0:00:57]} Bxb3 {[%emt 0:00:16]} 16. O-O {[%emt 0:00:09]} Bd4 {[%emt 0:00:52]} 17. Qf4 {[%emt 0:04:06]} Be6 {[%emt 0:03:23]} 18. Nf5 {[%emt 0:14:13]} Bxf5 {[%emt 0:07:48]} 19. Qxf5 {[%emt 0:00:12]} Re8 {[%emt 0:01:13]} 20. Rb1 {[%emt 0:04:01]} c6 {[%emt 0:08:24]} 21. Qg4 {[%emt 0:10:46]} Re6 {[%emt 0:01:20]} 22. Bd2 {[%emt 0:03:49]} Qd5 {[%emt 0:08:08]} 23. b3 {[%emt 0:04:08]} h5 {[%emt 0:04:05]} 24. Qf4 {[%emt 0:08:02]} Re2 {[%emt 0:03:51]} 25. Rbe1 {[%emt 0:01:09]} g5 {[%emt 0:07:16]} 26. Qxg5+ {[%emt 0:07:59]} Qxg5 {[%emt 0:00:07]} 27. Bxg5 {[%emt 0:00:02]} Bxf2+ {[%emt 0:00:07]} 28. Rxf2 {[%emt 0:00:02]} Rxe1+ {[%emt 0:00:06]} 29. Kh2 {[%emt 0:00:03]} Rae8 {[%emt 0:00:09]} 30. Bf6 {[%emt 0:00:47]} R1e2 {[%emt 0:02:02]} 31. Rf5 {[%emt 0:00:34]} R8e6 {[%emt 0:01:14]} 32. a4 {[%emt 0:00:47]} Kh7 {[%emt 0:00:31]} 33. Bd4 {[%emt 0:00:24]} Kg6 {[%emt 0:00:57]} 34. Rf3 {[%emt 0:00:34]} f6 {[%emt 0:03:30]} 35. Rg3+ {[%emt 0:00:23]} Kf7 {[%emt 0:00:09]} 36. Rf3 {[%emt 0:00:06]} Rd2 {[%emt 0:01:31]} 37. Bc3 {[%emt 0:00:58]} Rd1 {[%emt 0:00:20]} 38. Bb2 {[%emt 0:01:22]} Rd6 {[%emt 0:01:18]} 39. Be5 {[%emt 0:00:07]} Re6 {[%emt 0:00:20]} 40. Bb2 {[%emt 0:00:28]} Rb1 {[%emt 0:01:09]} 41. Rf2 {[%emt 0:30:36]} Kg6 {[%emt 0:04:34]} 42. h4 {[%emt 0:00:00]} Rd1 {[%emt 0:01:14]} 43. Rf3 {[%emt 0:00:00]} Rd6 {[%emt 0:00:30]} 44. d4 {[%emt 0:00:00]} Re6 {[%emt 0:00:30]} 45. a5 {[%emt 0:00:00]} Rb1 {[%emt 0:00:30]} 46. Rf2 {[%emt 0:00:00]} f5 {[%emt 0:00:30]} 47. Rd2 {[%emt 0:00:00]} f4 {[%emt 0:00:30]} 48. d5 {[%emt 0:00:00]} Ree1 {[%emt 0:00:30]} 49. g4 {[%emt 0:00:00]} hxg4 {[%emt 0:00:30]} 50. d6 {[%emt 0:00:00]} Red1 {[%emt 0:00:30]} 0-1

[Event "Netanya Open 2019"]
[Site "Netanya"]
[Date "2019.07.02"]
[Round "9.18"]
[White "Flom, Gabriel"]
[Black "Aharon, Ofir"]
[Result "1-0"]
[WhiteElo "2480"]
[BlackElo "2302"]
[Annotator "ChessBase"]
[PlyCount "73"]
[EventDate "2019.06.23"]
[EventType "swiss"]
[EventCountry "ISR"]
[SourceTitle "playchess.com"]
[Source "ChessBase"]
[SourceQuality "1"]
[TimeControl "40/5400+30:1800+30"]

1. d4 {[%emt 0:03:20]} Nf6 {[%emt 0:00:00]} 2. c4 {[%emt 0:00:03]} g6 {[%emt 0:00:00]} 3. Nc3 {[%emt 0:00:04]} d5 {[%emt 0:00:00]} 4. Nf3 {[%emt 0:00:15]} Bg7 {[%emt 0:00:00]} 5. h4 {[%emt 0:00:05]} c6 {[%emt 0:08:43]} 6. Bg5 {[%emt 0:00:57]} h6 {[%emt 0:05:02]} 7. Bxf6 {[%emt 0:00:20]} Bxf6 {[%emt 0:00:28]} 8. e3 {[%emt 0:00:05]} O-O {[%emt 0:01:59]} 9. Be2 {[%emt 0:00:25]} Qa5 {[%emt 0:05:13]} 10. Qc2 {[%emt 0:01:24]} Na6 {[%emt 0:02:34]} 11. a3 {[%emt 0:00:30]} Bf5 {[%emt 0:02:08]} 12. Qc1 {[%emt 0:01:17]} dxc4 {[%emt 0:11:11]} 13. Bxc4 {[%emt 0:00:05]} Bg4 {[%emt 0:07:11]} 14. b4 {[%emt 0:01:20]} Qh5 {[%emt 0:01:23]} 15. Ne2 {[%emt 0:11:40]} Bxf3 {[%emt 0:01:33]} 16. Ng3 {[%emt 0:01:28]} Qg4 {[%emt 0:03:17]} 17. gxf3 {[%emt 0:00:04]} Qxf3 {[%emt 0:00:14]} 18. Qc2 {[%emt 0:01:02]} e6 {[%emt 0:03:25]} 19. h5 {[%emt 0:07:00]} g5 {[%emt 0:00:27]} 20. Qd3 {[%emt 0:00:24]} Rfd8 {[%emt 0:04:38]} 21. Bxa6 {[%emt 0:09:54]} bxa6 {[%emt 0:00:06]} 22. Qe4 {[%emt 0:00:12]} Qxe4 {[%emt 0:00:23]} 23. Nxe4 {[%emt 0:00:01]} Be7 {[%emt 0:02:13]} 24. Ke2 {[%emt 0:00:31]} a5 {[%emt 0:02:36]} 25. bxa5 {[%emt 0:00:32]} Rd5 {[%emt 0:01:20]} 26. Rhc1 {[%emt 0:00:18]} Rxa5 {[%emt 0:01:38]} 27. Rxc6 {[%emt 0:00:12]} Rxa3 {[%emt 0:03:04]} 28. Rb1 {[%emt 1:00:32]} Bd8 {[%emt 0:33:14]} 29. Rb7 {[%emt 0:00:30]} Ra2+ {[%emt 0:00:00]} 30. Kf1 {[%emt 0:00:00]} Bb6 {[%emt 0:00:00]} 31. d5 {[%emt 0:00:00]} exd5 {[%emt 0:00:00]} 32. Nf6+ {[%emt 0:00:00]} Kg7 {[%emt 0:00:00]} 33. Nxd5 {[%emt 0:00:00]} Rd8 {[%emt 0:00:00]} 34. Rf6 {[%emt 0:00:00]} Rf8 {[%emt 0:00:43]} 35. Rg6+ {[%emt 0:00:00]} Kh8 {[%emt 0:00:49]} 36. Nf6 {[%emt 0:00:00]} Bxe3 {[%emt 0:01:51]} 37. fxe3 {[%emt 0:00:00]} 1-0

[Event "Netanya Open 2019"]
[Site "Netanya"]
[Date "2019.07.02"]
[Round "9.19"]
[White "Yaniv, Yuval"]
[Black "Abergel, Thal"]
[Result "0-1"]
[WhiteElo "2120"]
[BlackElo "2450"]
[Annotator "ChessBase"]
[PlyCount "96"]
[EventDate "2019.06.23"]
[EventType "swiss"]
[EventCountry "ISR"]
[SourceTitle "playchess.com"]
[Source "ChessBase"]
[SourceQuality "1"]
[TimeControl "40/5400+30:1800+30"]

1. Nf3 {[%emt 0:00:00]} Nf6 {[%emt 0:00:00]} 2. c4 {[%emt 0:00:00]} b6 {[%emt 0:00:17]} 3. g3 {[%emt 0:00:10]} Bb7 {[%emt 0:00:16]} 4. Bg2 {[%emt 0:00:09]} e6 {[%emt 0:00:19]} 5. O-O {[%emt 0:00:25]} d5 {[%emt 0:00:18]} 6. b3 {[%emt 0:00:21]} d4 {[%emt 0:04:36]} 7. Bb2 {[%emt 0:00:43]} c5 {[%emt 0:00:07]} 8. e3 {[%emt 0:02:04]} dxe3 {[%emt 0:01:22]} 9. fxe3 {[%emt 0:01:14]} Be7 {[%emt 0:00:20]} 10. Ne5 {[%emt 0:13:49]} Qc8 {[%emt 0:02:54]} 11. Bxb7 {[%emt 0:03:04]} Qxb7 {[%emt 0:02:23]} 12. Nc3 {[%emt 0:03:12]} O-O {[%emt 0:02:13]} 13. g4 {[%emt 0:04:48]} Nbd7 {[%emt 0:05:55]} 14. Nxd7 {[%emt 0:00:20]} Nxd7 {[%emt 0:02:51]} 15. Ne2 {[%emt 0:01:42]} Bf6 {[%emt 0:02:02]} 16. Bxf6 {[%emt 0:00:14]} Nxf6 {[%emt 0:00:06]} 17. Ng3 {[%emt 0:00:30]} Nd7 {[%emt 0:06:24]} 18. d4 {[%emt 0:05:32]} Rad8 {[%emt 0:00:40]} 19. Qc2 {[%emt 0:01:33]} b5 {[%emt 0:09:27]} 20. Ne4 {[%emt 0:15:26]} cxd4 {[%emt 0:02:21]} 21. exd4 {[%emt 0:11:13]} bxc4 {[%emt 0:00:25]} 22. Ng5 {[%emt 0:04:11]} g6 {[%emt 0:00:23]} 23. bxc4 {[%emt 0:01:15]} Nb6 {[%emt 0:02:35]} 24. Rf4 {[%emt 0:07:40]} Qe7 {[%emt 0:03:16]} 25. Ne4 {[%emt 0:05:42]} f5 {[%emt 0:00:56]} 26. gxf5 {[%emt 0:10:02]} exf5 {[%emt 0:01:11]} 27. Ng3 {[%emt 0:00:02]} Qc7 {[%emt 0:00:54]} 28. Raf1 {[%emt 0:01:18]} Qxc4 {[%emt 0:00:18]} 29. Qf2 {[%emt 0:01:33]} Nd5 {[%emt 0:02:03]} 30. Rh4 {[%emt 0:00:06]} Rde8 {[%emt 0:01:52]} 31. Rb1 {[%emt 0:01:00]} f4 {[%emt 0:00:56]} 32. Nf1 {[%emt 0:00:23]} Nc3 {[%emt 0:06:49]} 33. Rb7 {[%emt 0:03:09]} Ne2+ {[%emt 0:00:14]} 34. Kg2 {[%emt 0:00:01]} Rf7 {[%emt 0:02:40]} 35. Rxf7 {[%emt 0:00:20]} Qxf7 {[%emt 0:00:02]} 36. Rh3 {[%emt 0:00:51]} Qd5+ {[%emt 0:01:08]} 37. Qf3 {[%emt 0:00:01]} Qxd4 {[%emt 0:03:36]} 38. Qb3+ {[%emt 0:03:27]} Kh8 {[%emt 0:00:26]} 39. Rxh7+ {[%emt 0:01:24]} Kxh7 {[%emt 0:00:08]} 40. Qf7+ {[%emt 0:00:02]} Kh6 {[%emt 0:00:10]} 41. Qxe8 {[%emt 0:30:02]} Qg1+ {[%emt 0:30:08]} 42. Kf3 {[%emt 0:00:04]} Qxf1+ {[%emt 0:00:12]} 43. Ke4 {[%emt 0:00:02]} Ng3+ {[%emt 0:00:09]} 44. Kd5 {[%emt 0:00:25]} Qd3+ {[%emt 0:00:14]} 45. Kc5 {[%emt 0:00:07]} Ne4+ {[%emt 0:00:24]} 46. Kb4 {[%emt 0:00:39]} Qd4+ {[%emt 0:00:27]} 47. Ka5 {[%emt 0:00:45]} Qb6+ {[%emt 0:00:25]} 48. Ka4 {[%emt 0:00:01]} Qb5+ {[%emt 0:00:50]} 0-1

[Event "Netanya Open 2019"]
[Site "Netanya"]
[Date "2019.07.02"]
[Round "9.20"]
[White "Veinberg, Nimrod"]
[Black "Prraneeth Vuppala"]
[Result "1-0"]
[WhiteElo "2401"]
[BlackElo "2264"]
[Annotator "NA"]
[PlyCount "51"]
[EventDate "2019.06.23"]
[EventType "swiss"]
[EventCountry "ISR"]
[SourceTitle "playchess.com"]
[Source "ChessBase"]
[SourceQuality "1"]
[TimeControl "40/5400+30:1800+30"]

1. d4 {[%emt 0:00:00]} Nf6 {[%emt 0:00:00]} 2. c4 {[%emt 0:00:17]} e6 {[%emt 0:00:00]} 3. Nc3 {[%emt 0:00:35]} Bb4 {[%emt 0:00:00]} 4. Qc2 {[%emt 0:00:17]} d5 {[%emt 0:00:00]} 5. cxd5 {[%emt 0:00:21]} Qxd5 {[%emt 0:00:00]} 6. e3 {[%emt 0:00:14]} c5 {[%emt 0:00:25]} 7. a3 {[%emt 0:01:02]} Bxc3+ {[%emt 0:08:14]} 8. bxc3 {[%emt 0:00:12]} O-O {[%emt 0:08:30]} 9. Nf3 {[%emt 0:03:43]} b6 {[%emt 0:01:46]} 10. c4 {[%emt 0:00:44]} Qd8 {[%emt 0:05:39]} 11. Bb2 {[%emt 0:01:22]} cxd4 {[%emt 0:00:52]} 12. exd4 {[%emt 0:03:36]} Bb7 {[%emt 0:00:09]} 13. Bd3 {[%emt 0:11:42]} Nc6 {[%emt 0:05:56]} 14. O-O {[%emt 0:00:40]} Rc8 {[%emt 0:00:21]} 15. Qe2 {[%emt 0:02:03]} Qd6 {[%emt 0:10:24]} 16. Qe3 {[%emt 0:11:18]} Ng4 {[%emt 0:28:17]} 17. Qg5 {[%emt 0:02:18]} f5 {[%emt 0:01:25]} 18. d5 {[%emt 0:07:36]} Nce5 {[%emt 0:00:20]} 19. Nxe5 {[%emt 0:00:27]} Nxe5 {[%emt 0:00:11]} 20. Rae1 {[%emt 0:08:32]} h6 {[%emt 0:03:50]} 21. Qg3 {[%emt 0:01:33]} f4 {[%emt 0:00:36]} 22. Bxe5 {[%emt 0:00:16]} Qxe5 {[%emt 0:00:03]} 23. Qg6 {[%emt 0:00:23]} Qg5 {[%emt 0:00:51]} 24. Qh7+ {[%emt 0:00:48]} Kf7 {[%emt 0:00:01]} 25. Rxe6 {[%emt 0:00:32]} Rg8 {[%emt 0:00:04]} 26. Rfe1 {[%emt 0:00:36]} 1-0

[Event "Netanya Open 2019"]
[Site "Netanya"]
[Date "2019.07.02"]
[Round "9.21"]
[White "Birnboim, Nathan"]
[Black "Cohen Revivo, Shoham"]
[Result "1-0"]
[WhiteElo "2379"]
[BlackElo "2240"]
[Annotator "NA"]
[PlyCount "65"]
[EventDate "2019.06.23"]
[EventType "swiss"]
[EventCountry "ISR"]
[SourceTitle "playchess.com"]
[Source "ChessBase"]
[SourceQuality "1"]
[TimeControl "40/5400+30:1800+30"]

1. e4 {[%emt 0:00:00]} e6 {[%emt 0:03:16]} 2. d4 {[%emt 0:00:00]} d5 {[%emt 0:00:05]} 3. Nd2 {[%emt 0:00:07]} c5 {[%emt 0:00:05]} 4. exd5 {[%emt 0:00:11]} Qxd5 {[%emt 0:00:06]} 5. Ngf3 {[%emt 0:00:10]} cxd4 {[%emt 0:00:05]} 6. Bc4 {[%emt 0:00:09]} Qd7 {[%emt 0:00:12]} 7. O-O {[%emt 0:01:26]} Nf6 {[%emt 0:00:13]} 8. Nb3 {[%emt 0:01:22]} Nc6 {[%emt 0:02:16]} 9. Qe2 {[%emt 0:11:33]} a6 {[%emt 0:00:08]} 10. Rd1 {[%emt 0:01:36]} b5 {[%emt 0:01:38]} 11. Bd3 {[%emt 0:00:10]} Bd6 {[%emt 0:02:10]} 12. Bg5 {[%emt 0:06:19]} Qc7 {[%emt 0:02:59]} 13. Bxf6 {[%emt 0:12:38]} gxf6 {[%emt 0:00:07]} 14. Be4 {[%emt 0:00:24]} Bb7 {[%emt 0:04:46]} 15. a4 {[%emt 0:10:14]} b4 {[%emt 0:03:21]} 16. Nbxd4 {[%emt 0:02:01]} Nxd4 {[%emt 0:14:12]} 17. Rxd4 {[%emt 0:03:19]} Rd8 {[%emt 0:08:59]} 18. Bxb7 {[%emt 0:07:03]} Qxb7 {[%emt 0:00:14]} 19. Rad1 {[%emt 0:00:58]} Be7 {[%emt 0:00:09]} 20. Rxd8+ {[%emt 0:03:05]} Bxd8 {[%emt 0:00:02]} 21. Rd4 {[%emt 0:02:06]} Be7 {[%emt 0:02:41]} 22. Qd3 {[%emt 0:01:32]} e5 {[%emt 0:08:10]} 23. Rd5 {[%emt 0:00:26]} Qc6 {[%emt 0:01:20]} 24. b3 {[%emt 0:10:54]} Qe6 {[%emt 0:05:46]} 25. Nh4 {[%emt 0:01:43]} e4 {[%emt 0:04:08]} 26. Qd1 {[%emt 0:05:28]} O-O {[%emt 0:01:43]} 27. Nf5 {[%emt 0:00:19]} Kh8 {[%emt 0:34:39]} 28. g4 {[%emt 0:03:31]} Rc8 {[%emt 0:00:00]} 29. Qd4 {[%emt 0:03:34]} Rg8 {[%emt 0:00:00]} 30. h3 {[%emt 0:00:59]} Bf8 {[%emt 0:00:00]} 31. Kf1 {[%emt 0:01:26]} h5 {[%emt 0:00:00]} 32. Rd8 {[%emt 0:01:23]} Be7 {[%emt 0:00:00]} 33. Qe3 {[%emt 0:00:42]} 1-0

[Event "Netanya Open 2019"]
[Site "Netanya"]
[Date "2019.07.02"]
[Round "9.22"]
[White "Kogan, Arthur"]
[Black "Parligras, Cosmin"]
[Result "1/2-1/2"]
[WhiteElo "2535"]
[BlackElo "2198"]
[Annotator "ChessBase"]
[PlyCount "143"]
[EventDate "2019.06.23"]
[EventType "swiss"]
[EventCountry "ISR"]
[SourceTitle "playchess.com"]
[Source "ChessBase"]
[SourceQuality "1"]
[TimeControl "40/5400+30:1800+30"]

1. d4 {[%emt 0:00:00]} d6 {[%emt 0:00:00]} 2. e4 {[%emt 0:00:11]} Nf6 {[%emt 0:00:00]} 3. Nc3 {[%emt 0:00:03]} e5 {[%emt 0:00:00]} 4. Nf3 {[%emt 0:00:44]} Nbd7 {[%emt 0:00:08]} 5. Bc4 {[%emt 0:00:06]} Be7 {[%emt 0:00:11]} 6. a4 {[%emt 0:00:05]} c6 {[%emt 0:00:44]} 7. a5 {[%emt 0:00:29]} O-O {[%emt 0:00:10]} 8. O-O {[%emt 0:00:05]} Nxe4 {[%emt 0:00:10]} 9. Nxe4 {[%emt 0:00:26]} d5 {[%emt 0:00:06]} 10. a6 {[%emt 0:00:30]} exd4 {[%emt 0:04:52]} 11. axb7 {[%emt 0:05:17]} Bxb7 {[%emt 0:00:06]} 12. Bxd5 {[%emt 0:00:19]} cxd5 {[%emt 0:00:07]} 13. Ng3 {[%emt 0:00:09]} d3 {[%emt 0:14:55]} 14. Qxd3 {[%emt 0:01:02]} Nc5 {[%emt 0:00:06]} 15. Qd1 {[%emt 0:02:48]} Ne6 {[%emt 0:04:28]} 16. Be3 {[%emt 0:03:39]} a5 {[%emt 0:02:20]} 17. Nd4 {[%emt 0:01:55]} Qd7 {[%emt 0:03:46]} 18. Re1 {[%emt 0:02:19]} Bc6 {[%emt 0:04:32]} 19. c3 {[%emt 0:06:26]} g6 {[%emt 0:03:33]} 20. Nf1 {[%emt 0:16:41]} Bf6 {[%emt 0:01:59]} 21. Nxe6 {[%emt 0:06:04]} fxe6 {[%emt 0:02:40]} 22. Bd4 {[%emt 0:00:20]} Rab8 {[%emt 0:29:44]} 23. Bxf6 {[%emt 0:08:38]} Rxf6 {[%emt 0:00:07]} 24. Qd4 {[%emt 0:00:44]} Rbf8 {[%emt 0:02:54]} 25. f3 {[%emt 0:08:18]} a4 {[%emt 0:01:40]} 26. Ne3 {[%emt 0:00:24]} h5 {[%emt 0:04:26]} 27. Nc2 {[%emt 0:08:16]} Rf5 {[%emt 0:01:45]} 28. Re3 {[%emt 0:03:08]} Qd6 {[%emt 0:06:32]} 29. Rae1 {[%emt 0:01:00]} Bd7 {[%emt 0:00:20]} 30. Re5 {[%emt 0:07:53]} Rxe5 {[%emt 0:00:27]} 31. Rxe5 {[%emt 0:00:07]} Rb8 {[%emt 0:03:03]} 32. c4 {[%emt 0:04:32]} Qb6 {[%emt 0:00:56]} 33. cxd5 {[%emt 0:01:40]} exd5 {[%emt 0:00:44]} 34. Re2 {[%emt 0:05:07]} Qxd4+ {[%emt 0:03:05]} 35. Nxd4 {[%emt 0:00:17]} Rb4 {[%emt 0:01:18]} 36. Rd2 {[%emt 0:00:08]} Kf7 {[%emt 0:00:16]} 37. h4 {[%emt 0:01:00]} Bb5 {[%emt 0:01:36]} 38. Kf2 {[%emt 0:02:08]} Kf6 {[%emt 0:00:19]} 39. Ke3 {[%emt 0:01:12]} Ke5 {[%emt 0:00:23]} 40. g4 {[%emt 0:01:20]} hxg4 {[%emt 0:00:24]} 41. fxg4 {[%emt 0:31:58]} Bd7 {[%emt 0:30:25]} 42. g5 {[%emt 0:00:00]} Be8 {[%emt 0:00:00]} 43. Nf3+ {[%emt 0:00:00]} Kd6 {[%emt 0:00:00]} 44. Nd4 {[%emt 0:00:00]} Ke5 {[%emt 0:00:00]} 45. Nf3+ {[%emt 0:00:00]} Kd6 {[%emt 0:00:00]} 46. Rf2 {[%emt 0:00:00]} Rb3+ {[%emt 0:00:00]} 47. Kf4 {[%emt 0:00:00]} Rb4+ {[%emt 0:00:00]} 48. Kg3 {[%emt 0:00:00]} Rb3 {[%emt 0:00:00]} 49. Re2 {[%emt 0:00:00]} Bb5 {[%emt 0:00:00]} 50. Rd2 {[%emt 0:00:00]} Bd7 {[%emt 0:00:00]} 51. Kf4 {[%emt 0:00:00]} Rb4+ {[%emt 0:00:00]} 52. Nd4 {[%emt 0:00:00]} Kc5 {[%emt 0:00:00]} 53. Ke5 {[%emt 0:00:21]} Bg4 {[%emt 0:00:00]} 54. Ne6+ {[%emt 0:08:16]} Bxe6 {[%emt 0:00:00]} 55. Kxe6 {[%emt 0:00:06]} Re4+ {[%emt 0:00:00]} 56. Kf6 {[%emt 0:00:15]} Rxh4 {[%emt 0:00:00]} 57. Kxg6 {[%emt 0:00:11]} Rh3 {[%emt 0:00:00]} 58. Kf5 {[%emt 0:01:42]} a3 {[%emt 0:00:00]} 59. bxa3 {[%emt 0:00:31]} Rxa3 {[%emt 0:00:00]} 60. Rg2 {[%emt 0:00:29]} Ra8 {[%emt 0:00:00]} 61. g6 {[%emt 0:00:35]} d4 {[%emt 0:00:00]} 62. Ke5 {[%emt 0:00:31]} Re8+ {[%emt 0:00:00]} 63. Kf6 {[%emt 0:00:07]} d3 {[%emt 0:00:00]} 64. g7 {[%emt 0:00:49]} Kc4 {[%emt 0:00:00]} 65. Rg4+ {[%emt 0:00:11]} Kc3 {[%emt 0:00:00]} 66. Kf7 {[%emt 0:00:41]} Rb8 {[%emt 0:00:07]} 67. Rg3 {[%emt 0:00:29]} Kc2 {[%emt 0:00:08]} 68. Re3 {[%emt 0:00:32]} d2 {[%emt 0:00:22]} 69. Re2 {[%emt 0:00:13]} Rb7+ {[%emt 0:00:08]} 70. Kf6 {[%emt 0:00:06]} Rxg7 {[%emt 0:00:06]} 71. Rxd2+ {[%emt 0:00:04]} Kxd2 {[%emt 0:00:12]} 72. Kxg7 {[%emt 0:00:05]} 1/2-1/2

[Event "Netanya Open 2019"]
[Site "Netanya"]
[Date "2019.07.02"]
[Round "9.23"]
[White "Lahav, Michal"]
[Black "Greenfeld, Alon"]
[Result "0-1"]
[WhiteElo "2178"]
[BlackElo "2513"]
[Annotator "ChessBase"]
[PlyCount "88"]
[EventDate "2019.06.23"]
[EventType "swiss"]
[EventCountry "ISR"]
[SourceTitle "playchess.com"]
[Source "ChessBase"]
[SourceQuality "1"]
[TimeControl "40/5400+30:1800+30"]

1. e4 {[%emt 0:00:00]} c5 {[%emt 0:00:50]} 2. Nf3 {[%emt 0:00:00]} d6 {[%emt 0:01:09]} 3. Bb5+ {[%emt 0:00:00]} Nd7 {[%emt 0:01:30]} 4. O-O {[%emt 0:00:00]} a6 {[%emt 0:00:21]} 5. Bd3 {[%emt 0:00:00]} Ngf6 {[%emt 0:00:28]} 6. c3 {[%emt 0:00:02]} e5 {[%emt 0:03:48]} 7. Bc2 {[%emt 0:00:31]} c4 {[%emt 0:02:47]} 8. Qe2 {[%emt 0:05:51]} b5 {[%emt 0:07:14]} 9. a4 {[%emt 0:06:34]} Bb7 {[%emt 0:03:55]} 10. axb5 {[%emt 0:06:02]} axb5 {[%emt 0:00:07]} 11. Rxa8 {[%emt 0:00:15]} Qxa8 {[%emt 0:11:08]} 12. Na3 {[%emt 0:00:07]} Bxe4 {[%emt 0:00:33]} 13. Nxb5 {[%emt 0:00:50]} Qb7 {[%emt 0:04:10]} 14. Bxe4 {[%emt 0:10:04]} Qxe4 {[%emt 0:02:05]} 15. Qd1 {[%emt 0:09:05]} Qc6 {[%emt 0:04:17]} 16. Na3 {[%emt 0:04:41]} d5 {[%emt 0:03:59]} 17. d3 {[%emt 0:05:05]} Bxa3 {[%emt 0:01:17]} 18. bxa3 {[%emt 0:00:03]} cxd3 {[%emt 0:00:59]} 19. Qxd3 {[%emt 0:00:02]} O-O {[%emt 0:00:16]} 20. h3 {[%emt 0:08:53]} Rc8 {[%emt 0:08:22]} 21. Qe3 {[%emt 0:04:16]} Ne4 {[%emt 0:04:42]} 22. Bb2 {[%emt 0:02:18]} f6 {[%emt 0:02:09]} 23. Rd1 {[%emt 0:01:05]} Nb6 {[%emt 0:01:13]} 24. Nd2 {[%emt 0:04:19]} Nd6 {[%emt 0:10:37]} 25. Qf3 {[%emt 0:04:05]} Na4 {[%emt 0:09:46]} 26. Ba1 {[%emt 0:00:59]} Nc5 {[%emt 0:00:15]} 27. Rb1 {[%emt 0:05:05]} e4 {[%emt 0:03:22]} 28. Qg4 {[%emt 0:01:20]} Qd7 {[%emt 0:02:03]} 29. Qh5 {[%emt 0:01:54]} Qf7 {[%emt 0:00:48]} 30. Qg4 {[%emt 0:01:15]} Nd3 {[%emt 0:02:05]} 31. c4 {[%emt 0:07:34]} h5 {[%emt 0:00:15]} 32. Qe2 {[%emt 0:01:32]} Qg6 {[%emt 0:01:44]} 33. cxd5 {[%emt 0:03:50]} Nf4 {[%emt 0:00:44]} 34. Qf1 {[%emt 0:00:00]} Rc2 {[%emt 0:01:32]} 35. Rd1 {[%emt 0:00:37]} Nxh3+ {[%emt 0:01:43]} 36. Kh2 {[%emt 0:00:09]} Nf4 {[%emt 0:00:28]} 37. g3 {[%emt 0:01:03]} Nxd5 {[%emt 0:02:11]} 38. Qa6 {[%emt 0:00:41]} Qf5 {[%emt 0:01:41]} 39. Bd4 {[%emt 0:02:55]} e3 {[%emt 0:00:53]} 40. Qxd6 {[%emt 0:06:06]} Rxd2 {[%emt 0:01:24]} 41. Rxd2 {[%emt 0:30:46]} exd2 {[%emt 0:30:17]} 42. Qb8+ {[%emt 0:00:12]} Kh7 {[%emt 0:00:23]} 43. Qb3 {[%emt 0:00:20]} Nf4 {[%emt 0:00:29]} 44. gxf4 {[%emt 0:00:49]} Qxf4+ {[%emt 0:00:18]} 0-1